Normal view
MARC view
Entry Nombre corporativo
001 - NÚMERO DE CONTROL
- campo de control: 84953
003 - IDENTIFICADOR DEL NÚMERO DE CONTROL
- campo de control: BNPHU
005 - FECHA Y HORA DE LA ÚLTIMA TRANSACCIÓN
- campo de control: 20240305081849.0
008 - DATOS DE LONGITUD FIJA
- campo de control de longitud fija: 240223|| aca||aabn | a|a d
010 ## - NÚMERO DE CONTROL DE LA BIBLIOTECA DEL CONGRESO
- Número de control de LC: n 2003042454
040 ## - FUENTE DE LA CATALOGACIÓN
- Centro catalogador/agencia de origen: DO-SdBNP
- Lengua de catalogación: spa
- Centro/agencia transcriptor: BNPHU
- Normas de descripción: rda
110 2# - ENCABEZAMIENTO-NOMBRE DE ENTIDAD CORPORATIVA
- Nombre de entidad corporativa o nombre de jurisdicción como elemento de entrada: Fundación Juan Bosch
370 ## - LUGAR ASOCIADO
- Lugar de nacimiento: Santo Domingo (República Dominicana)
410 2# - TRAZADO DE VÉASE--NOMBRE DE ENTIDAD CORPORATIVA
- Nombre de entidad corporativa o nombre de jurisdicción como elemento de entrada: Fundación Juan Emilio Bosch Gaviño
670 ## - FUENTE DE DATOS ENCONTRADOS
- Cita de la fuente: Santo Domingo (República Dominicana)
670 ## - FUENTE DE DATOS ENCONTRADOS
- Cita de la fuente: Fundación Juan Bosch web site, Dec. 12, 2023
- Información encontrada: (La Fundación Juan Bosch es una organización no gubernamental, creada en 1998 por un grupo de hombres y mujeres convencidos de la importancia de preservar y proyectar los valores contenidos tanto en la obra como en el ejemplo de vida del Profesor Juan Bosch)
670 ## - FUENTE DE DATOS ENCONTRADOS
- Identificador Uniforme del Recurso: https://authorities.loc.gov/cgi-bin/Pwebrecon.cgi?AuthRecID=5952443&v1=1&HC=1&SEQ=20240223190957&PID=T6nIBuuz-_dP5iit7jD7h3QP7qeoXP0 Consultado en 23/02/2024
